| 000 | 02490cam a22004814i 4500 | ||
|---|---|---|---|
| 003 | PE-LiUPU | ||
| 005 | 20250731184555.0 | ||
| 008 | 150625s r 000 0 d | ||
| 020 | _a0792270843 | ||
| 035 | _a(Sirsi) i9780792270843 | ||
| 040 |
_aPE-LiUPU _bspa _cPE-LiUPU _erda |
||
| 049 | _aPRUA | ||
| 082 | 0 | 4 |
_a917.804 _bA75 _221 |
| 100 | 1 |
_aAmbrose, Stphen E., _eautor. |
|
| 245 | 1 | 0 |
_aLewis and Clark : _bvoyage of discovery / _cStphen E. Ambrose. |
| 264 | 1 |
_a[Washington, D.C.] : _bNational Geographic Society, _c2002. |
|
| 300 |
_a255 páginas : _bilustraciones ; _c24 centímetros |
||
| 336 |
_atext _2rdacontent |
||
| 337 |
_aunmediated _2rdamedia |
||
| 338 |
_avolume _2rdacarrier |
||
| 500 | _aBicentennial edition. | ||
| 505 | 0 | _a"The object of your mission is to explore the Missouri river [to] the Pacifi ocean..". "A person by going on one of the hills may have a view as far as the eye can reach..". -"We arrived in sight of the Creat Western; (for I cannot say Pacific) Ocian as I have not seen one pacific day since my arrival in its vicinity.". -Getting under way: "to find the shortest & most convenient route of comunication between the U.S. and the Pacif ocean..". -Up the Missouri: "The souix is a stout bold looking people (the young men han Som) and well made.". -Uncharted territory: "We were now about to penetrate a country at least two thousand miles in width, on which the foot of civilized man had never trodden..". -Most terrible mountains: "I have been wet and as cold in every part as i ever was in my life.". -To the Pacific "Ocian in view! O! the joy". -The return home: "patience, patience..". . | |
| 526 | _aP136 | ||
| 526 | _aP135 | ||
| 526 | _aP134 | ||
| 526 | _aP133 | ||
| 526 | _aP144 | ||
| 526 | _aP143 | ||
| 526 | _aP87 | ||
| 526 | _aP35 | ||
| 526 | _aP20 | ||
| 526 | _aP14 | ||
| 526 | _aP10 | ||
| 526 | _aP06 | ||
| 650 | 0 | 4 | _aExpedición Lewis y Clark (1804-1806). |
| 650 | 0 | 4 |
_aOeste (USA) _xDescubrimiento y exploración. |
| 942 |
_2ddc _cBOOK |
||
| 949 |
_a917.804 A75 _wDEWEY _c1 _i57211 _lCCODEBUL1 _mBUL _p22.00 _r0 _sY _tBOOK _u2015-6-25 _xEDUCACION _zUNKNOWN _0COMPRA _o.STAFF. Colección General |
||
| 994 |
_aC0 _bPEPRU |
||
| 596 | _a1 | ||
| 999 |
_a917.804 A75 _wDEWEY _c46311 _i57211 _f2021-11-8 _g5 _lCCODEBUL1 _mBUL _p22.00 _r0 _sY _tBOOK _u2015-6-25 _xBIBLIOTECA _zUNKNOWN _0COMPRA _o.STAFF. Colección General _d46311 |
||
| 980 |
_81 _gALBERTO SANCHEZ Responsable de Automatización |
||